| 000 | 01245nam0a2200313 i 4500 | ||
|---|---|---|---|
| 001 | RU\NLR\bibl\2045751 | ||
| 005 | 20240723104135.0 | ||
| 010 |
_a9789851388406 _94000 |
||
| 021 |
_aRU _b2013-41789 _9255д/13 |
||
| 035 | _a(nilc)RuMoRGB-006590486 | ||
| 035 | _a(NLR Aleph) 002032924 | ||
| 090 |
_a4559213 _c4559213 |
||
| 100 | _a20130527d2013 u y0rusy50 ca | ||
| 101 | 0 | _arus | |
| 102 |
_aRU _aBY |
||
| 105 | _aa ||||||||| | ||
| 200 | 1 |
_aБольшой подарок для девочек _e[красота, здоровье, стиль, этикет, психология отношений, азы кулинарии, бисероплетение _fавт.-сост. Т. Г. Шлопак] |
|
| 210 |
_aМинск _cХарвест _aМосква _cАСТ _d2013 _eЭлектросталь (Моск. обл.) _gПолиграфиздат (ООО) |
||
| 215 |
_a224 с. _cил., цв. ил. _d24 |
||
| 686 |
_aШ9 _bН99 |
||
| 702 | 1 |
_aШлопак _bТ. Г. _gТатьяна Геннадьевна _4220 |
|
| 801 | 0 |
_aRU _bRuMoRKP _c20130527 _gRCR |
|
| 801 | 2 |
_aRU _bРГБ _c20130614 |
|
| 801 | 1 |
_aRU _bRuMoRKP _c20130527 _2rusmarc |
|
| 801 | 2 |
_aRU _bNLR _c20130621 _grcr |
|
| 942 | _cBOOK | ||
| 980 | _aNBR | ||